=LDR 00000nam 2200000 4500 =001 INLIS000000000001761 =005 20130612090143 =008 ***********************************Ind** =035 ##$$0010-061300000001761 =041 ##$$a Ind =082 ##$$a 615.8 =090 ##$$a 615.8, Had k =100 ##$$a Hadikusumo,B.U =245 ##$$a Kop moksebasi dan pijat refleksi, B.U.Hadikusumo =260 ##$$a 1996 $b Yogyakarta =300 ##$$a 56 hlm, ilus, 21 cm =650 ##$$a Pijat =850 ##$$a NBPNMAT